Harmonizácia daní alebo daňová konkurencia v Európskej únii?

Fiškálna vs. menová politika. Účinky fiškálnej politiky možno z časového hľadiska. Fungovanie automatických stabilizátorov. Cyklicky prispôsobený rozpočet. Zámerné fiškálne opatrenia. Problém harmonizácie daňových sústav.

Gespeichert in:
Bibliographische Detailangaben
1. Verfasser: Iša, Ján
Format: Buchkapitel
Sprache:Slowakisch
Schlagworte:
Tags: Tag hinzufügen
Keine Tags, Fügen Sie das erste Tag hinzu!

MARC

LEADER 00000nla$a2200000$$$4500
001 0080325
005 20240502071917.6
041 0 |a slo 
044 |a SK 
245 1 0 |a Harmonizácia daní alebo daňová konkurencia v Európskej únii?  |c Ján Iša 
520 |a Fiškálna vs. menová politika. Účinky fiškálnej politiky možno z časového hľadiska. Fungovanie automatických stabilizátorov. Cyklicky prispôsobený rozpočet. Zámerné fiškálne opatrenia. Problém harmonizácie daňových sústav. 
610 2 0 |a harmonizácia 
610 2 0 |a dane 
610 2 0 |a politika menová 
610 2 0 |a Európska únia 
610 2 0 |a politika fiškálna 
610 2 0 |a rozpočty 
100 1 |a Iša, Ján